[Event "SK Schwäbisch Hall - TSV Schönaich 2"]
[Site "?"]
[Date "2022.11.27"]
[Round "4.7"]
[White "Stukenbrok, Nils"]
[Black "Bahmann, Micha"]
[Result "1-0"]
[WhiteElo "2077"]
[BlackElo "2070"]
[PlyCount "101"]
[EventDate "2022.??.??"]

1. d4 Nf6 2. c4 e6 3. g3 d5 4. Nf3 Bb4+ 5. Bd2 Be7 6. Qc2 O-O 7. Bg2 c6 8. Ne5 Nbd7 9. Nxd7 Bxd7 10. O-O dxc4 11. Qxc4 Qb6 12. b4 a5 13. bxa5 Qa6 14. Rc1 Bd8 15. Qxa6 Rxa6 16. Rc5 Be7 17. Rc2 Bd8 18. Rb2 Bc8 19. Bb4 Re8 20. Nd2 Bxa5 21. Bxa5 Rxa5 22. Nc4 Ra7 23. a4 Ra8 24. e3 Nd5 25. a5 b5 26. Ne5 Bb7 27. Bxd5 exd5 28. Nd3 Kf8 29. Kf1 Ke7 30. Ke2 Kd6 31. Kd2 f6 32. Kc3 Ra7 33. Kb4 Raa8 34. h4 Bc8 35. Nc5 Ba6 36. Re2 Re7 37. Rae1 Raa7 38. e4 Bc8 39. f4 Bg4 40. Re3 Bc8 41. e5+ fxe5 42. Rxe5 Rf7 43. Re8 Bd7 44. Rd8 Kc7 45. Rh8 h6 46. Rg8 Kd6 47. Rd8 Kc7 48. Rg8 Kd6 49. Re5 Kc7 50. Ne6+ Bxe6 51. Rxe6 1-0

[Event "SG Schwäbisch Gmünd - Stuttgarter SF 2"]
[Site "?"]
[Date "2022.11.27"]
[Round "4.1"]
[White "Brueckner, Thomas"]
[Black "Velicka, Petr"]
[Result "1/2-1/2"]
[WhiteElo "2372"]
[BlackElo "2365"]
[PlyCount "116"]
[EventDate "2022.??.??"]

1. e4 e5 2. Nf3 Nc6 3. Bc4 Bc5 4. c3 Nf6 5. d3 O-O 6. O-O d5 7. exd5 Nxd5 8. Re1 Bg4 9. h3 Bh5 10. Nbd2 Bb6 11. Ne4 f6 12. a4 a5 13. Ng3 Bf7 14. Qb3 Qd7 15. Bd2 Rad8 16. Rad1 Kh8 17. Bc1 Be6 18. Be3 Bf7 19. Bxb6 Nxb6 20. Bxf7 Qxf7 21. Qc2 Rfe8 22. d4 exd4 23. Nxd4 Nxd4 24. cxd4 Nd5 25. Qb3 b6 26. Nf1 Rxe1 27. Rxe1 Kg8 28. Ne3 Nxe3 29. Qxf7+ Kxf7 30. fxe3 Rd5 31. Rc1 c5 32. dxc5 Rxc5 33. Rxc5 bxc5 34. Kf2 Ke6 35. Ke2 Kd5 36. Kd3 c4+ 37. Kc3 f5 38. h4 g6 39. Kd2 Kc5 40. Kc3 h6 41. b3 cxb3 42. Kxb3 Kd5 43. Kc3 Ke4 44. Kd2 f4 45. exf4 Kxf4 46. Kd3 Kg3 47. Kc4 Kxg2 48. Kb5 Kh3 49. Kxa5 Kxh4 50. Kb5 g5 51. a5 g4 52. a6 g3 53. a7 g2 54. a8=Q g1=Q 55. Qe4+ Qg4 56. Qe1+ Kh5 57. Qe8+ Qg6 58. Qxg6+ Kxg6 1/2-1/2

[Event "SG Schwäbisch Gmünd - Stuttgarter SF 2"]
[Site "?"]
[Date "2022.11.27"]
[Round "4.2"]
[White "Flajsman, Pavel"]
[Black "Forster, Lukas"]
[Result "1-0"]
[WhiteElo "2240"]
[BlackElo "1952"]
[PlyCount "85"]
[EventDate "2022.??.??"]

1. e4 e5 2. Nf3 Nc6 3. Bc4 Nf6 4. d3 Bc5 5. O-O d6 6. c3 O-O 7. Re1 h6 8. h3 Re8 9. b4 Bb6 10. a4 a5 11. b5 Nb8 12. Na3 c6 13. bxc6 bxc6 14. Rb1 Bc5 15. Qb3 Qc7 16. Be3 Bxe3 17. fxe3 Na6 18. Qb6 Re7 19. Bxa6 Bxa6 20. c4 g6 21. Red1 Kg7 22. c5 d5 23. Qxc7 Rxc7 24. Nxe5 dxe4 25. d4 Nd5 26. Rb3 f5 27. Nac4 Bxc4 28. Nxc4 g5 29. Nb6 Ra6 30. Nxd5 cxd5 31. Rdb1 f4 32. Rb7 Rac6 33. Kf2 Kf6 34. Rxc7 Rxc7 35. Rb6+ Kg7 36. Rb5 Ra7 37. c6 Kf6 38. Rxd5 Ke6 39. Re5+ Kd6 40. exf4 Kxc6 41. fxg5 hxg5 42. Rxg5 Rb7 43. Rxa5 1-0

[Event "SG Schwäbisch Gmünd - Stuttgarter SF 2"]
[Site "?"]
[Date "2022.11.27"]
[Round "4.3"]
[White "Schwarzburger, Lothar"]
[Black "Hoenick, Andreas"]
[Result "1/2-1/2"]
[WhiteElo "2153"]
[BlackElo "2140"]
[PlyCount "82"]
[EventDate "2022.??.??"]

1. e4 c5 2. Nf3 Nc6 3. Bb5 g6 4. O-O Bg7 5. Re1 Nf6 6. c3 O-O 7. d4 cxd4 8. cxd4 d5 9. e5 Ne4 10. h3 Qb6 11. Bxc6 Qxc6 12. Nbd2 Bf5 13. Nf1 f6 14. Ne3 Be6 15. Bd2 fxe5 16. dxe5 Qb6 17. Bc3 Rxf3 18. Bd4 Qc7 19. Qxf3 Rf8 20. Qd1 Nxf2 21. Nxd5 Nxh3+ 22. gxh3 Bxd5 23. Bxa7 Qa5 24. Qd4 Rf5 25. h4 Rf3 26. Rac1 h5 27. Bc5 e6 28. Be7 Rg3+ 29. Kh2 Rg4 30. Qc3 Rg2+ 31. Kh3 Qxa2 32. Ba3 Rg4 33. Rg1 Rxg1 34. Rxg1 Be4 35. Re1 Qd5 36. Bd6 Bd3 37. Kg3 Bb5 38. Qf3 Qd2 39. Qc3 Qd5 40. Qf3 Qd2 41. Qc3 Qd5 1/2-1/2

[Event "SG Schwäbisch Gmünd - Stuttgarter SF 2"]
[Site "?"]
[Date "2022.11.27"]
[Round "4.5"]
[White "Leitherer, Johannes"]
[Black "Bergner, Philipp"]
[Result "0-1"]
[WhiteElo "1843"]
[BlackElo "2110"]
[PlyCount "86"]
[EventDate "2022.??.??"]

1. e4 c5 2. Nf3 e6 3. d4 cxd4 4. Nxd4 a6 5. Nc3 Qc7 6. Be2 Nf6 7. O-O Be7 8. Be3 O-O 9. f4 d6 10. Kh1 b5 11. a3 Bb7 12. Bd3 Nbd7 13. Qe2 Rfe8 14. Rae1 Nc5 15. Bg1 Bf8 16. Qf2 Rad8 17. Qh4 Be7 18. Qf2 d5 19. e5 Nfe4 20. Bxe4 Nxe4 21. Nxe4 dxe4 22. f5 Qxe5 23. fxe6 f6 24. Qf5 Rxd4 25. Bxd4 Qxd4 26. c3 Qe5 27. Rd1 Qxf5 28. Rxf5 Bc6 29. b3 g6 30. Rff1 f5 31. c4 Bxa3 32. Ra1 b4 33. Rfd1 Rxe6 34. Ra2 e3 35. Kg1 f4 36. h4 h6 37. c5 g5 38. hxg5 hxg5 39. Rc2 g4 40. Rc4 e2 41. Re1 Bb2 42. Kf2 g3+ 43. Kg1 Bc3 0-1

[Event "SG Schwäbisch Gmünd - Stuttgarter SF 2"]
[Site "?"]
[Date "2022.11.27"]
[Round "4.7"]
[White "Wettengel, Alexander"]
[Black "Pohl, Walter"]
[Result "0-1"]
[WhiteElo "1988"]
[BlackElo "2105"]
[PlyCount "48"]
[EventDate "2022.??.??"]

1. e4 c5 2. Nf3 Nc6 3. d4 cxd4 4. Nxd4 e5 5. Nb5 a6 6. Nd6+ Bxd6 7. Qxd6 Qf6 8. Qxf6 Nxf6 9. Nc3 d5 10. exd5 Nb4 11. Bd3 Nxd3+ 12. cxd3 Bf5 13. O-O O-O 14. Re1 Rfe8 15. Ne4 Bg6 16. Bg5 Nxd5 17. Nd6 Re6 18. Nxb7 f6 19. Be3 Nxe3 20. Rxe3 Rb6 21. Na5 Rxb2 22. Nc4 Rc2 23. a4 Rd8 24. Rd1 Rxc4 0-1

[Event "SG Schwäbisch Gmünd - Stuttgarter SF 2"]
[Site "?"]
[Date "2022.11.27"]
[Round "4.8"]
[White "Lang, Thomas"]
[Black "Aksenov, Pavel"]
[Result "1/2-1/2"]
[WhiteElo "1850"]
[BlackElo "2058"]
[PlyCount "43"]
[EventDate "2022.??.??"]

1. e4 e6 2. d4 d5 3. Nd2 a6 4. exd5 exd5 5. Bd3 Nf6 6. Ne2 Bd6 7. Nf3 h6 8. Bf4 O-O 9. Bxd6 Qxd6 10. O-O c5 11. dxc5 Qxc5 12. h3 Nc6 13. c3 Re8 14. Ned4 Bd7 15. Qc2 Ne5 16. Be2 Rac8 17. Nxe5 Rxe5 18. Rad1 Rce8 19. Bf3 Qc8 20. Rd3 Rg5 21. Kh2 Qc7+ 22. g3 1/2-1/2

[Event "SC Böblingen - SV Jedesheim"]
[Site "?"]
[Date "2022.11.27"]
[Round "4.1"]
[White "Pikula, Dejan"]
[Black "Kuklin, Valentin"]
[Result "1/2-1/2"]
[WhiteElo "2313"]
[BlackElo "2373"]
[PlyCount "104"]
[EventDate "2022.??.??"]

1. e4 e6 2. d3 c5 3. Nf3 Nc6 4. g3 g6 5. Bg2 Bg7 6. O-O Nge7 7. c3 O-O 8. Be3 d6 9. d4 cxd4 10. Nxd4 Nxd4 11. Bxd4 Bxd4 12. Qxd4 e5 13. Qe3 Be6 14. Nd2 Kg7 15. Rad1 b5 16. a3 a5 17. f4 f6 18. Nf3 Qc7 19. Rf2 Rab8 20. Rfd2 Bb3 21. fxe5 fxe5 22. Re1 Qb6 23. h4 h6 24. Kh2 Qxe3 25. Rxe3 Rb6 26. Red3 Nc8 27. Bh3 Bc4 28. Re3 Kf6 29. Rf2 Ke7 30. Kg1 Rb8 31. Bxc8 Rbxc8 32. Nd2 Be6 33. b3 Rxf2 34. Kxf2 g5 35. hxg5 hxg5 36. Ke2 Rh8 37. Kd3 Rh2 38. c4 b4 39. axb4 axb4 40. Re2 Rh1 41. Kc2 Rg1 42. Re3 Kd8 43. Rf3 Bg4 44. Rd3 Kc7 45. c5 dxc5 46. Rd5 Bd1+ 47. Kb2 Rxg3 48. Rxc5+ Kd6 49. Rb5 Rd3 50. Nc4+ Kc6 51. Rxb4 Kc5 52. Nxe5 Rxb3+ 1/2-1/2

[Event "SC Böblingen - SV Jedesheim"]
[Site "?"]
[Date "2022.11.27"]
[Round "4.2"]
[White "Ortmann, David"]
[Black "Atlas, Valery"]
[Result "1/2-1/2"]
[WhiteElo "2320"]
[BlackElo "2413"]
[PlyCount "66"]
[EventDate "2022.??.??"]

1. Nf3 Nf6 2. c4 b6 3. g3 Bb7 4. Bg2 g6 5. O-O Bg7 6. d4 e6 7. Nc3 Ne4 8. Nxe4 Bxe4 9. Bg5 Qc8 10. Qd2 O-O 11. Qf4 f5 12. Bh6 d6 13. Rfd1 Rf7 14. Bxg7 Rxg7 15. Rac1 Nd7 16. Ng5 Bxg2 17. Kxg2 Qb7+ 18. Kg1 Re8 19. d5 Nf8 20. e4 h6 21. Nxe6 Nxe6 22. dxe6 Qxe4 23. Qxh6 Rxe6 24. Qg5 Ree7 25. h4 f4 26. gxf4 Ref7 27. Re1 Qxf4 28. Re8+ Kh7 29. Rc2 Rf5 30. Qd8 Qg4+ 31. Kh2 Qf4+ 32. Kg1 Qg4+ 33. Kh2 Qf4+ 1/2-1/2

[Event "SC Böblingen - SV Jedesheim"]
[Site "?"]
[Date "2022.11.27"]
[Round "4.3"]
[White "Matt, Fabian"]
[Black "Hirneise, Jens"]
[Result "1-0"]
[WhiteElo "2264"]
[BlackElo "2276"]
[PlyCount "73"]
[EventDate "2022.??.??"]

1. Nf3 Nf6 2. c4 g6 3. g3 Bg7 4. Bg2 O-O 5. O-O d6 6. d4 Nc6 7. Nc3 Bf5 8. Re1 Ne4 9. Nh4 Nxc3 10. bxc3 Bd7 11. Rb1 Rb8 12. Qd3 e5 13. Be3 b6 14. c5 exd4 15. cxd4 dxc5 16. dxc5 Ne5 17. Qa6 Ng4 18. Bc1 Bd4 19. e3 Bxc5 20. Bb2 Bd6 21. Red1 Qe7 22. Rbc1 Rfd8 23. Nf3 c5 24. Qxa7 Bc6 25. Qa3 Qb7 26. Qc3 Kf8 27. Qg7+ Ke8 28. e4 f6 29. Qg8+ Ke7 30. Qxh7+ Kf8 31. Qxg6 Qg7 32. Qf5 Bd7 33. Qh5 Ba4 34. Rd5 Be8 35. Qh4 Be7 36. Rg5 Qh6 37. Rxg4 1-0

[Event "SC Böblingen - SV Jedesheim"]
[Site "?"]
[Date "2022.11.27"]
[Round "4.4"]
[White "Mueller, Ralf"]
[Black "Kranzl, Julian"]
[Result "1-0"]
[WhiteElo "2342"]
[BlackElo "2295"]
[PlyCount "101"]
[EventDate "2022.??.??"]

1. d4 Nf6 2. c4 e6 3. Nf3 Bb4+ 4. Bd2 a5 5. Nc3 O-O 6. e3 d6 7. Qc2 Nc6 8. a3 Bxc3 9. Bxc3 Qe7 10. b3 e5 11. d5 Nb8 12. Be2 Bg4 13. O-O Nbd7 14. e4 Nc5 15. Bxa5 Nfxe4 16. Bb4 f5 17. Rae1 Rf6 18. Nd2 Bxe2 19. Rxe2 Nxd2 20. Qxd2 e4 21. Bxc5 dxc5 22. f3 Rxa3 23. fxe4 fxe4 24. Rfe1 Ra8 25. Rxe4 Qd6 26. Re8+ Rxe8 27. Rxe8+ Rf8 28. Qe3 b6 29. Re6 Qd7 30. Re7 Qf5 31. Qe6+ Qxe6 32. Rxe6 Rf7 33. Re8+ Rf8 34. Rxf8+ Kxf8 35. Kf2 Kf7 36. Kf3 Ke7 37. Ke4 Ke8 38. Ke5 Ke7 39. Kf5 Kf7 40. h3 h6 41. Ke5 Ke7 42. h4 h5 43. Kf5 Kf7 44. Kg5 g6 45. Kf4 Kf8 46. Ke5 Ke7 47. g3 Kf7 48. d6 cxd6+ 49. Kxd6 Kf6 50. Kc6 Kf5 51. Kxb6 1-0

[Event "SC Böblingen - SV Jedesheim"]
[Site "?"]
[Date "2022.11.27"]
[Round "4.5"]
[White "Anistratov, Dmitriy"]
[Black "Tran, Thanh Kien"]
[Result "0-1"]
[WhiteElo "2257"]
[BlackElo "2120"]
[PlyCount "80"]
[EventDate "2022.??.??"]

1. Nf3 Nf6 2. g3 g6 3. b3 Bg7 4. Bb2 d6 5. d4 c5 6. d5 O-O 7. Bg2 b5 8. O-O Bb7 9. c4 bxc4 10. bxc4 Nbd7 11. Qc2 Rb8 12. Nbd2 Ba6 13. Rab1 Qa5 14. Bc3 Qa3 15. e4 Ng4 16. Bxg7 Kxg7 17. Rb3 Qa5 18. Rfb1 Kg8 19. h3 Ngf6 20. e5 Nh5 21. e6 fxe6 22. dxe6 Nb6 23. Ng5 Ng7 24. Qc1 Nf5 25. Ngf3 Nd4 26. Nxd4 cxd4 27. Bd5 Bb7 28. Ra3 Qc5 29. Ne4 Qc7 30. Qh6 Nxd5 31. cxd5 Qc2 32. Re1 Bxd5 33. Nd2 Rb2 34. Ra5 Ba8 35. Rg5 Rf6 36. Rh5 gxh5 37. Qxh5 Qxd2 38. Rf1 Qh6 39. Qg4+ Qg6 40. Qxd4 Qe4 0-1

[Event "SC Böblingen - SV Jedesheim"]
[Site "?"]
[Date "2022.11.27"]
[Round "4.6"]
[White "Schuh, Karsten"]
[Black "Bossinger, Patrick"]
[Result "0-1"]
[WhiteElo "2174"]
[BlackElo "2006"]
[PlyCount "72"]
[EventDate "2022.??.??"]

1. e4 c5 2. Nc3 Nc6 3. f4 g6 4. Nf3 Bg7 5. Bb5 Nd4 6. O-O Nxb5 7. Nxb5 d6 8. d3 Bd7 9. Nc3 e6 10. Qe1 Ne7 11. Kh1 O-O 12. Bd2 b5 13. Rb1 b4 14. Ne2 Ba4 15. b3 Bc6 16. Ng3 Re8 17. Qf2 f5 18. Rbe1 Qc8 19. d4 Bb5 20. Rg1 Qc6 21. dxc5 dxc5 22. exf5 Nxf5 23. Ne5 Qd5 24. c4 bxc3 25. Bxc3 Rad8 26. Ne4 Nd4 27. Ng5 Rf8 28. Qh4 h6 29. Ne4 g5 30. fxg5 Bxe5 31. Qxh6 Bg7 32. Qh3 Qf5 33. Qh4 Bc6 34. Ng3 Qc2 35. Bxd4 Rxd4 36. Re2 Qxe2 0-1

[Event "SC Böblingen - SV Jedesheim"]
[Site "?"]
[Date "2022.11.27"]
[Round "4.7"]
[White "Buechele, Johannes"]
[Black "Schroeter, Samuel"]
[Result "1-0"]
[WhiteElo "1922"]
[BlackElo "2156"]
[PlyCount "95"]
[EventDate "2022.??.??"]

1. d4 g6 2. e4 Bg7 3. c4 c5 4. d5 d6 5. Nc3 Nf6 6. Nf3 Bg4 7. Be2 Na6 8. O-O O-O 9. Bf4 Nc7 10. h3 Bxf3 11. Bxf3 Nd7 12. Qd2 Re8 13. Be2 a6 14. a4 b6 15. Bh6 Bh8 16. Rab1 Rb8 17. Kh1 e6 18. dxe6 Nxe6 19. Qxd6 Nd4 20. Bg4 Ne5 21. Qxd8 Rbxd8 22. b3 Nxg4 23. hxg4 Nc6 24. Nd5 Rxe4 25. f3 Re6 26. Nxb6 Nd4 27. Nd5 a5 28. Rfe1 Rde8 29. Rxe6 Rxe6 30. Bf4 Kf8 31. Nc7 Rb6 32. Nb5 Ne6 33. Bd6+ Ke8 34. Rd1 Bd4 35. f4 f5 36. gxf5 gxf5 37. g4 fxg4 38. f5 Ng5 39. Bc7 Rh6+ 40. Kg2 Rh3 41. Nxd4 cxd4 42. Rxd4 h5 43. Bxa5 Rxb3 44. c5 Rb2+ 45. Rd2 Rb1 46. c6 h4 47. c7 h3+ 48. Kg3 1-0

[Event "SC Böblingen - SV Jedesheim"]
[Site "?"]
[Date "2022.11.27"]
[Round "4.8"]
[White "Bauer, Peter"]
[Black "Jaskulski, Jan"]
[Result "1-0"]
[WhiteElo "2193"]
[BlackElo "1843"]
[PlyCount "83"]
[EventDate "2022.??.??"]

1. e4 c5 2. Nf3 d6 3. d4 cxd4 4. Nxd4 Nf6 5. Nc3 Nc6 6. Bg5 e6 7. Qd2 a6 8. O-O-O Bd7 9. f4 Be7 10. Nxc6 Bxc6 11. Qe1 h6 12. Bh4 b5 13. a3 Qa5 14. e5 dxe5 15. fxe5 b4 16. exf6 bxa3 17. Na2 axb2+ 18. Kb1 Qxe1 19. Rxe1 Bxf6 20. Bxf6 gxf6 21. Nb4 Bb7 22. Kxb2 Rg8 23. Ra1 a5 24. Nd3 Ke7 25. Rg1 f5 26. g3 f6 27. Bg2 Bxg2 28. Rxg2 h5 29. Re2 h4 30. gxh4 e5 31. Rf1 Ke6 32. h5 Rg4 33. Nf4+ Kd6 34. Rd2+ Kc5 35. Nd3+ Kc4 36. Rxf5 Rg1 37. Ka2 Kc3 38. Re2 Rb8 39. Rf3 e4 40. Rxe4 Kxc2 41. Ne1+ Kc1 42. Rc3+ 1-0

[Event "SK Schmiden/Cannstatt - TG Biberach"]
[Site "?"]
[Date "2022.11.27"]
[Round "4.1"]
[White "Sinz, Bernhard"]
[Black "Krockenberger, Martin"]
[Result "1-0"]
[WhiteElo "2306"]
[BlackElo "2204"]
[PlyCount "33"]
[EventDate "2022.??.??"]

1. e4 c5 2. Nf3 d6 3. d4 cxd4 4. Nxd4 Nf6 5. Nc3 a6 6. Bg5 Nbd7 7. f4 h6 8. Bxf6 Nxf6 9. e5 Nd7 10. Ne6 Qa5 11. Nxf8 Nxf8 12. exd6 Ng6 13. dxe7 Nxf4 14. Qd6 Ng6 15. Rd1 Be6 16. Bb5+ axb5 17. b4 1-0

[Event "SK Schmiden/Cannstatt - TG Biberach"]
[Site "?"]
[Date "2022.11.27"]
[Round "4.2"]
[White "Schmidt, Tobias"]
[Black "Oberst, Thomas"]
[Result "1-0"]
[WhiteElo "2266"]
[BlackElo "2268"]
[PlyCount "109"]
[EventDate "2022.??.??"]

1. e4 c5 2. Nf3 Nc6 3. c3 Nf6 4. e5 Nd5 5. d4 cxd4 6. cxd4 d6 7. Bc4 e6 8. O-O Be7 9. Qe2 O-O 10. Qe4 Bd7 11. Bb3 Rc8 12. Nc3 Nxc3 13. bxc3 d5 14. Qd3 f5 15. exf6 Bxf6 16. Bc2 g6 17. Bh6 Bg7 18. Qe3 Na5 19. Bxg7 Kxg7 20. Ne5 Nc4 21. Nxc4 Rxc4 22. Bb3 Rc8 23. f4 Qf6 24. Rf3 Rc7 25. Re1 Rfc8 26. Qd2 Kg8 27. Re5 Kg7 28. Rg5 b5 29. Rgg3 a5 30. a3 Kh8 31. Rh3 Be8 32. Rf1 Bd7 33. Bd1 b4 34. axb4 axb4 35. cxb4 Rc4 36. Rb3 Bb5 37. Qb2 Rxd4 38. Be2 Bxe2 39. Qxe2 Rxf4 40. Rbb1 Qd4+ 41. Kh1 Rxf1+ 42. Qxf1 Kg7 43. b5 Rb8 44. Qe1 e5 45. h3 e4 46. Qg3 Rb7 47. Qd6 e3 48. Qe6 Qd3 49. Qe5+ Kf7 50. Rb4 Re7 51. Rf4+ Ke8 52. Qb8+ Kd7 53. Rf6 Qb1+ 54. Kh2 Qb4 55. Rc6 1-0

[Event "SK Schmiden/Cannstatt - TG Biberach"]
[Site "?"]
[Date "2022.11.27"]
[Round "4.3"]
[White "Wunder, Niklas"]
[Black "Trachtmann, Mark"]
[Result "1/2-1/2"]
[WhiteElo "2047"]
[BlackElo "2218"]
[PlyCount "101"]
[EventDate "2022.??.??"]

1. e4 g6 2. d4 Bg7 3. Nf3 d6 4. Be2 Nf6 5. Nc3 O-O 6. O-O c6 7. a4 Qc7 8. h3 e5 9. dxe5 dxe5 10. Bc4 b6 11. Qe2 Nh5 12. Rd1 Nf4 13. Qf1 Ne6 14. Be3 a5 15. Rd2 Na6 16. Ng5 Nxg5 17. Bxg5 Nc5 18. Be3 Ne6 19. Ne2 Re8 20. c3 Bf8 21. g3 Nc5 22. f3 Be6 23. Nc1 Rad8 24. b4 Rxd2 25. Bxd2 Bxc4 26. Qxc4 Nxa4 27. Nb3 b5 28. Qe2 axb4 29. cxb4 Qd7 30. Kg2 Rd8 31. Be1 Qd3 32. Qxd3 Rxd3 33. Na5 c5 34. bxc5 Bxc5 35. Rb1 Re3 36. Nb7 Ba3 37. Bf2 Re2 38. Rxb5 Bb2 39. Kf1 Rd2 40. Na5 Bd4 41. Bxd4 exd4 42. Nb3 Rd1+ 43. Kf2 d3 44. Rd5 Nb2 45. Rd4 Rh1 46. h4 Rh2+ 47. Ke1 Re2+ 48. Kf1 Rc2 49. Ke1 Re2+ 50. Kf1 Rc2 51. Ke1 1/2-1/2

[Event "SK Schmiden/Cannstatt - TG Biberach"]
[Site "?"]
[Date "2022.11.27"]
[Round "4.4"]
[White "Holzhaeuer, Mathias"]
[Black "Birkenmaier, Rainer"]
[Result "1-0"]
[WhiteElo "2244"]
[BlackElo "2088"]
[PlyCount "71"]
[EventDate "2022.??.??"]

1. e4 e6 2. Nf3 d5 3. e5 c5 4. b4 cxb4 5. a3 Nc6 6. axb4 Bxb4 7. c3 Be7 8. d4 f6 9. Bd3 fxe5 10. dxe5 Qc7 11. Qe2 a6 12. O-O g6 13. h4 Bd7 14. Na3 Rc8 15. Nc2 Na5 16. Ncd4 Nc4 17. Re1 Kf8 18. Ng5 Bxg5 19. Bxg5 Re8 20. h5 Bc8 21. hxg6 hxg6 22. Bxg6 Re7 23. Qf3+ Rf7 24. Bxf7 Qxf7 25. Qxf7+ Kxf7 26. Ra2 Kg6 27. f4 Nh6 28. Bxh6 Rxh6 29. g4 Rh3 30. f5+ Kf7 31. Rh2 Rxh2 32. Kxh2 a5 33. g5 Nd2 34. g6+ Kg7 35. f6+ Kxg6 36. Rg1+ 1-0

[Event "SK Schmiden/Cannstatt - TG Biberach"]
[Site "?"]
[Date "2022.11.27"]
[Round "4.5"]
[White "Wunder, Fabian"]
[Black "Loehr, Markus"]
[Result "1/2-1/2"]
[WhiteElo "2064"]
[BlackElo "2192"]
[PlyCount "76"]
[EventDate "2022.??.??"]

1. e4 c6 2. Nf3 d5 3. exd5 cxd5 4. Ne5 Nc6 5. Bb5 Bd7 6. Nxd7 Qxd7 7. d4 e6 8. Be3 Bd6 9. Nd2 Nge7 10. Nf3 Qc7 11. O-O a6 12. Be2 O-O 13. h3 Nf5 14. Bc1 b5 15. a3 Rab8 16. c3 a5 17. Bd3 b4 18. axb4 axb4 19. Bd2 bxc3 20. bxc3 Na5 21. Qc2 g6 22. Ra2 Nc4 23. Rc1 Rfc8 24. Be1 Rb7 25. Rca1 Rcb8 26. Qe2 Rb2 27. Qd1 Rxa2 28. Rxa2 Nb2 29. Qc2 Nxd3 30. Qxd3 Rc8 31. Qb1 Ne7 32. Rb2 Rb8 33. Rxb8+ Qxb8 34. Qxb8+ Bxb8 35. Kf1 Nc6 36. Ke2 Na5 37. Kd3 Nc4 38. Nd2 Nxd2 1/2-1/2

[Event "SK Schmiden/Cannstatt - TG Biberach"]
[Site "?"]
[Date "2022.11.27"]
[Round "4.6"]
[White "Thoma, Christian"]
[Black "Engelhart, Achim"]
[Result "1/2-1/2"]
[WhiteElo "2190"]
[BlackElo "2036"]
[PlyCount "47"]
[EventDate "2022.??.??"]

1. d4 d5 2. c4 dxc4 3. Nf3 e6 4. e3 c5 5. Bxc4 a6 6. O-O Nf6 7. Nc3 b5 8. Bb3 Bb7 9. Qe2 Nbd7 10. Rd1 Qb6 11. a4 b4 12. a5 Qc7 13. Nb1 Be7 14. Nbd2 O-O 15. Nc4 Ne4 16. Nfe5 Rad8 17. f3 Nef6 18. Bd2 cxd4 19. exd4 Nd5 20. Nd3 Bc6 21. Rac1 Qb7 22. Qe1 Rc8 23. Kh1 Rfd8 24. Qg3 1/2-1/2

[Event "SK Schmiden/Cannstatt - TG Biberach"]
[Site "?"]
[Date "2022.11.27"]
[Round "4.7"]
[White "Sokratov, Stanislav"]
[Black "Eisele, Steffen"]
[Result "0-1"]
[WhiteElo "2176"]
[BlackElo "2221"]
[PlyCount "72"]
[EventDate "2022.??.??"]

1. d4 g6 2. e4 Bg7 3. Nf3 d6 4. Bc4 a6 5. a4 Nf6 6. Qe2 d5 7. exd5 Nxd5 8. O-O Nc6 9. c3 O-O 10. Re1 Bf5 11. Bg5 h6 12. Bh4 Nb6 13. Bb3 g5 14. Bg3 e6 15. a5 Nd5 16. Nbd2 Nce7 17. Ne5 Ng6 18. Nxg6 Bxg6 19. Nc4 Rc8 20. Be5 Nf4 21. Bxf4 gxf4 22. Ne5 Bf5 23. Nd3 Qg5 24. Qf3 Bxd3 25. Qxd3 Rfd8 26. Qf3 c5 27. d5 c4 28. Bc2 exd5 29. Ra4 Re8 30. Rd1 Re5 31. h3 Rce8 32. Raa1 Bf8 33. Rd4 Bc5 34. Rd2 Qg3 35. Qg4+ Kh8 36. Kh1 Re1+ 0-1

[Event "SK Schmiden/Cannstatt - TG Biberach"]
[Site "?"]
[Date "2022.11.27"]
[Round "4.8"]
[White "Scheeff, Volker"]
[Black "Merk, Tobias"]
[Result "1-0"]
[WhiteElo "2041"]
[BlackElo "2055"]
[PlyCount "67"]
[EventDate "2022.??.??"]

1. e4 e6 2. d4 d5 3. Nc3 Bb4 4. e5 c5 5. a3 Bxc3+ 6. bxc3 Ne7 7. Qg4 Qc7 8. Bd3 cxd4 9. Ne2 dxc3 10. Qxg7 Rg8 11. Qxh7 Nbc6 12. h4 Bd7 13. Bg5 O-O-O 14. Rb1 Qa5 15. Rb3 d4 16. Qe4 b6 17. Nxd4 Nxd4 18. Qxd4 Nd5 19. Bxd8 Rxd8 20. h5 Ba4 21. Rb1 Nc7 22. Qe4 Qc5 23. h6 Bc6 24. Qe3 Qxa3 25. h7 Rh8 26. Qh6 Ne8 27. Qh5 Qf8 28. Rb3 f5 29. Qh4 Kb8 30. Qd8+ Kb7 31. Ba6+ Kxa6 32. Qc8+ Bb7 33. Qc4+ b5 34. Qxb5# 1-0

[Event "Schachfreunde Deizisau 2 - TG Biberach"]
[Site "?"]
[Date "2023.01.15"]
[Round "5.1"]
[White "Mack, Wolfgang"]
[Black "Koellner, Ruben Gideon"]
[Result "1-0"]
[WhiteElo "2251"]
[BlackElo "2417"]
[PlyCount "131"]
[EventDate "2023.??.??"]

1. Nf3 d5 2. c4 e6 3. b3 c5 4. cxd5 exd5 5. Bb2 Nf6 6. e3 Nc6 7. Be2 Be6 8. O-O Be7 9. d4 O-O 10. Nbd2 b6 11. Ne5 Nxe5 12. dxe5 Ne8 13. f4 f5 14. g4 Qd7 15. h3 Nc7 16. Kh2 Rad8 17. gxf5 Bxf5 18. Bg4 Ne6 19. Qe2 g6 20. Rae1 Qc6 21. Qg2 Qc7 22. Qg3 Rf7 23. Bc1 b5 24. Nf3 Kh8 25. Rg1 Rdf8 26. Rd1 Qc6 27. Nh4 Be4 28. Ng2 c4 29. Bf3 c3 30. Ne1 b4 31. Qg2 a5 32. Rxd5 Qxd5 33. Bxe4 Qd7 34. Bd5 Rd8 35. Bc4 Rff8 36. Nd3 Qc8 37. Qe4 Nc5 38. Nxc5 Bxc5 39. e6 Qc7 40. Bb5 Rf5 41. Bd7 Rxd7 42. exd7 Qxd7 43. Qf3 Rd5 44. Rf1 Rd2+ 45. Kg3 Rxa2 46. Rd1 Qe6 47. Qb7 Qf6 48. Rd7 g5 49. Rf7 gxf4+ 50. Kf3 fxe3+ 51. Rxf6 Rf2+ 52. Kg4 Rxf6 53. Qc8+ Bf8 54. Bxe3 Kg8 55. Qc4+ Rf7 56. Bb6 Kg7 57. Bxa5 h5+ 58. Kxh5 Rf5+ 59. Kg4 Rc5 60. Qd4+ Kg6 61. Qd3+ Kf6 62. Bxb4 Rg5+ 63. Kh4 Bxb4 64. Qa6+ Ke7 65. Kxg5 c2 66. Qe2+ 1-0

[Event "Schachfreunde Deizisau 2 - TG Biberach"]
[Site "?"]
[Date "2023.01.15"]
[Round "5.2"]
[White "Dabo-Peranic, Robert"]
[Black "Wunder, Niklas"]
[Result "1/2-1/2"]
[WhiteElo "2324"]
[BlackElo "2065"]
[PlyCount "61"]
[EventDate "2023.??.??"]

1. e4 e5 2. Nf3 Nc6 3. g3 Nf6 4. d3 d5 5. exd5 Nxd5 6. Bg2 Bd6 7. O-O O-O 8. Re1 Bg4 9. h3 Bh5 10. Nc3 Nxc3 11. bxc3 f5 12. Bd2 Qf6 13. Qb1 e4 14. Nh2 f4 15. Bxf4 Bxf4 16. gxf4 Qxf4 17. Qb3+ Kh8 18. Rxe4 Qxf2+ 19. Kh1 Bf7 20. Qxb7 Bd5 21. Rg4 Ne5 22. Qxd5 Nxg4 23. Nxg4 Qxc2 24. Be4 Qxc3 25. Rg1 Rae8 26. Bxh7 Kxh7 27. Qh5+ Kg8 28. Nh6+ Kh8 29. Nf7+ Kg8 30. Nh6+ Kh8 31. Nf7+ 1/2-1/2

[Event "Schachfreunde Deizisau 2 - TG Biberach"]
[Site "?"]
[Date "2023.01.15"]
[Round "5.3"]
[White "Birkenmaier, Rainer"]
[Black "Bronznik, Valerij"]
[Result "1/2-1/2"]
[WhiteElo "2091"]
[BlackElo "2275"]
[PlyCount "66"]
[EventDate "2023.??.??"]

1. d4 d5 2. Nf3 Nc6 3. Bf4 Bg4 4. Nbd2 e6 5. c3 Bd6 6. Bg3 Nf6 7. Qb3 Rb8 8. e3 O-O 9. Bd3 Re8 10. O-O Bxg3 11. hxg3 e5 12. dxe5 Nxe5 13. Nxe5 Rxe5 14. Nf3 Re8 15. c4 c6 16. cxd5 Qxd5 17. Qxd5 Nxd5 18. Bc4 Rbd8 19. Rfd1 Nf6 20. Kf1 Kf8 21. Ke1 Ke7 22. Be2 c5 23. Rac1 Rxd1+ 24. Bxd1 Rc8 25. Nd2 Bxd1 26. Kxd1 b5 27. Ke2 Nd7 28. b3 f5 29. e4 Kf6 30. Ke3 h6 31. f4 Re8 32. Kf3 h5 33. Rc3 g5 1/2-1/2